000
00318nam a22001337a 4500
008
170810b xxu||||| |||| 00| 0 eng d
020
_a
9780763718435
041
_a
eng
080
_2
2ND
_a
004
100
_a
35
101
_a
SHK
245
_a
DISCRETE STRUCUTRES, LOGIC, AND COMPUTABILITY
_c
HEIN,J.L
942
_2
udc
_c
BK
999
_c
23084
_d
23084